Top 10 największych państw na świecie - Statystyki

Ogólne statystyki
  • Ten quiz został rozwiązany 122 razy
  • Średni wynik to 9 z 10
Statystyki odpowiedzi
Powierzchnia Państwo % Poprawnych
9 984 670 km Kanada
100%
17 098 242 km Rosja
100%
9 372 610 km Stany Zjednoczone
100%
8 515 768 km Brazylia
99%
9 706 961 km Chiny
97%
2 780 400 km Argentyna
90%
7 692 024 km Australia
89%
3 287 590 km Indie
82%
2 724 900 km Kazachstan
80%
2 381 741 km Algieria
63%
Nie znaleziono quizów pasujących do podanych kryteriów
Rozkład punktacji
Procent ludzi z każdym wynikiem
Percentyl według liczby udzielonych odpowiedzi
Twoja historia wyników
Nie rozwiązałeś tego quizu